| 000 | 01049nam a22002897a 4500 | ||
|---|---|---|---|
| 999 |
_c12748 _d12748 |
||
| 003 | EG-ScBUE | ||
| 005 | 20210123110605.0 | ||
| 008 | 090721s2004 ua f 000 jj ara d | ||
| 017 | _a2004/18485 | ||
| 040 |
_aEG-ScBUE _bara _erda _cEG-ScBUE _dEG-ScBUE |
||
| 082 | 0 | 4 |
_a892.737 _bن و ر _222 |
| 100 | 1 |
_aنور، سمر، _eمؤلف. |
|
| 245 | 1 | 0 |
_aمعراج : _cمجموعة قصصية وتشكيلية / _bنصوص سمر نور ؛ لوحات حنان محفوظ. |
| 250 | _aالطبعة الأولى. | ||
| 264 | 1 |
_aالقاهرة : _bالهيئة العامة لقصور الثقافة، _c2004. |
|
| 300 | 1 |
_a127 صفحة ؛ _c17 سم. |
|
| 336 |
_2rdacontent _aنص _btxt |
||
| 337 |
_2rdamedia _aبدون وسيط _bn |
||
| 338 |
_2rdacarrier _aمجلد _bnc |
||
| 490 | 0 |
_aإبداعات ؛ _v222 |
|
| 650 | 7 |
_98088 _aالقصص العربية القصيرة _zمصر. _2BUEsh |
|
| 651 | _2BUEsh | ||
| 653 |
_bARALIT _cJanuary2021 |
||
| 655 |
_vReading book _934232 |
||
| 700 | 1 |
_aمحفوظ، حنان، _eرسام. |
|
| 942 |
_2ddc _cBB |
||